<?xml version="1.0" encoding="UTF-8"?>
<collection xmlns="http://www.loc.gov/MARC21/slim">
  <record>
    <leader>00000nam  2200000   4500</leader>
    <controlfield tag="001">INLIS000000000012704</controlfield>
    <controlfield tag="005">20220602094013</controlfield>
    <datafield tag="035" ind1="#" ind2="#">
      <subfield code="a">0010-0622000012</subfield>
    </datafield>
    <datafield tag="245" ind1="1" ind2="#">
      <subfield code="a">UPAYA OPTIMALISASI DALAM UPAYA OPTIMALISASI DALAM MENGURANGI DAN MENEKAN KEBERADAAN GEPENG DAN ANJAL (GELANDANGAN, PENGEMIS, PENGAMEN DAN ANAK JALANAN) DI KOTA BALIKPAPAN /</subfield>
      <subfield code="c">Muhammad Adhya Lintang Satria, S.H.</subfield>
    </datafield>
    <datafield tag="100" ind1="1" ind2="#">
      <subfield code="a">SATRIA, Muhammad Adhya Lintang</subfield>
    </datafield>
    <datafield tag="250" ind1="#" ind2="#">
      <subfield code="a">1</subfield>
    </datafield>
    <datafield tag="300" ind1="#" ind2="#">
      <subfield code="a">47 halaman; lampiran :</subfield>
      <subfield code="b">ilustrasi ;</subfield>
      <subfield code="c">30 cm</subfield>
    </datafield>
    <datafield tag="260" ind1="#" ind2="#">
      <subfield code="a">Samarinda :</subfield>
      <subfield code="b">Puslatbang KDOD,</subfield>
      <subfield code="c">2021</subfield>
    </datafield>
    <datafield tag="084" ind1="#" ind2="#">
      <subfield code="a">LATSAR 746 2021</subfield>
    </datafield>
    <datafield tag="650" ind1="#" ind2="4">
      <subfield code="a">Pelatihan Dasar</subfield>
    </datafield>
    <datafield tag="650" ind1="#" ind2="4">
      <subfield code="a">Laporan Aktualisasi</subfield>
    </datafield>
    <datafield tag="650" ind1="#" ind2="4">
      <subfield code="a">teknologi informasi</subfield>
    </datafield>
    <datafield tag="650" ind1="#" ind2="4">
      <subfield code="a">sistem informasi</subfield>
    </datafield>
    <datafield tag="650" ind1="#" ind2="4">
      <subfield code="a">inovasi pemerintah</subfield>
    </datafield>
    <datafield tag="650" ind1="#" ind2="4">
      <subfield code="a">dinas sosial</subfield>
    </datafield>
    <datafield tag="520" ind1="#" ind2="#">
      <subfield code="a">Laporan Aktualisasi Pelatihan Dasar ini didasarkan pada isu meningkatnya keberadaan Gepeng dan Anjal (Gelandangan, pengemis, pengamen, dan anak jalanan) di Kota Balikpapan, sehingga dibuat empat kegiatan berdasarkan nilai ANEKA (Akuntabilitas, Nasionalisme, Etika public, Komitmen Mutu dan Anti korupsi), yaitu: membuat mapping mengenai Gepeng dan Anjal di Kota Balikpapan, melakukan koordinasi antar instansi pemerintah lain, mengkampanyekan isu larangan memberikan uang pada Gepeng dan Anjal sesuai Perda no 10 tahun 2017 no 23, dan melakukan giat patroli dan non yustisi Perda no 10 tahun 2017 pasal 23. Kegiatan ini dilaksanakan dari tanggal 24 April -18 Juni 2021</subfield>
    </datafield>
    <datafield tag="500" ind1="#" ind2="#">
      <subfield code="a">Coach : Veronika Hanna Naibaho,SS.,MAP.,M.Sc.&#13;
Penguji : Windra Mariani, SH.,MH&#13;
Mentor : Erik Gampu, S.Sos</subfield>
    </datafield>
    <datafield tag="990" ind1="#" ind2="#">
      <subfield code="a">LATSAR/746/2021</subfield>
    </datafield>
  </record>
</collection>
